| 000 | 00738nam a2200205 a 4500 | ||
|---|---|---|---|
| 001 | BRCA_8450 | ||
| 005 | 20190320210303.0 | ||
| 008 | 101115s2015----mx-a######---#000-0#spa-# | ||
| 041 | _aspa | ||
| 044 | _amx | ||
| 050 | 4 |
_aNK4031 _b.B54 7 2015 |
|
| 245 | 1 | 0 | _a7 [i.e. Septima] Bienal de Cerámica Utilitaria. |
| 260 |
_aMéxico _bMuseArte : Museo Franz Mayer _c2015 |
||
| 300 |
_a68 p. _bil. a color _c22 cm. |
||
| 500 | _aIncluye biografías de los seleccionados | ||
| 500 | _aCatálogo de la exposición realizada en el Museo Franz Mayer (Ciudad de México), 12 noviembre, 2015 - 21 febrero, 2016 | ||
| 500 | _aLa biblioteca cuenta con 2 ejemplares | ||
| 650 | 1 | 4 |
_aCerámica mexicana _vExposiciones _ySiglo XXI _921165 |
| 942 |
_2lcc _cB |
||
| 999 |
_c8117 _d8117 |
||